[Event "DVM U16 2014"]
[Site "Magdeburg GER"]
[Date "2014.12.28"]
[Round "3"]
[White "Hartge, Gedeon"]
[Black "Stemmler, Fabian"]
[Result "1-0"]
[Termination "normal"]
[Board "3.3"]
[WhiteElo "1889"]
[BlackElo "1856"]
[WhiteTeam "USV Halle"]
[BlackTeam "SF Brackel 1930"]
[PlyCount "83"]
[WhiteFideId "12932116"]
[BlackFideId "12964808"]
[EventCountry "GER"]
[EventRounds "7"]
[EventType "team-swiss"]
[EventDate "2014.12.26"]

1. d4 Nf6 2. c4 Nc6 3. Nc3 e5 4. d5 Ne7 5. Nf3 Ng6 6. a3 a5 7. Bg5 h6 8. Bxf6
Qxf6 9. e3 Be7 10. Bd3 Nh4 11. Nxh4 Qxh4 12. Nb5 Bd8 13. d6 c6 14. Nc3 O-O 15.
Qf3 Qf6 16. O-O-O Qxf3 17. gxf3 Bh4 18. Rdf1 b6 19. Rhg1 g6 20. Rg4 Bf6 21.
Rfg1 Bg7 22. f4 exf4 23. exf4 Bxc3 24. bxc3 Kg7 25. f5 g5 26. f4 f6 27. fxg5
fxg5 28. h4 Kf6 29. hxg5+ hxg5 30. Rxg5 Ke5 31. Rg6 Ba6 32. Re1+ Kf4 33. Rg7
Rf6 34. Rxd7 Bc8 35. Rd8 Bb7 36. Rxa8 Bxa8 37. Re6 Rf7 38. Re7 Rf6 39. d7 Rd6
40. Bc2 Kg5 41. Rg7+ Kf6 42. Rg6+ 1-0

[Event "DVM U16 2014"]
[Site "Magdeburg GER"]
[Date "2014.12.28"]
[Round "3"]
[White "Wastian, Jan"]
[Black "Perekhozhuk, Maksym"]
[Result "1/2-1/2"]
[Termination "normal"]
[Board "3.4"]
[WhiteElo "1656"]
[BlackElo "1785"]
[WhiteTeam "SF Brackel 1930"]
[BlackTeam "USV Halle"]
[PlyCount "141"]
[WhiteFideId "12911640"]
[BlackFideId "12914860"]
[EventCountry "GER"]
[EventRounds "7"]
[EventType "team-swiss"]
[EventDate "2014.12.26"]

1. e4 c5 2. c3 g6 3. d4 cxd4 4. cxd4 d5 5. e5 Nc6 6. h3 Nh6 7. Nf3 Nf5 8. Nc3
Bg7 9. Be2 O-O 10. O-O e6 11. Bf4 f6 12. Qd2 fxe5 13. Bxe5 Nxe5 14. Nxe5 Qc7
15. f4 Ng3 16. Rf2 Bh6 17. Bg4 Nf5 18. Rc1 Qb6 19. Ne2 Nd6 20. Bf3 Nb5 21. g3
Qd6 22. Qa5 Bd7 23. Bg4 Rac8 24. Rff1 b6 25. Qa4 Rfd8 26. Nxd7 Qxd7 27. Bxe6+
Qxe6 28. Qxb5 Rxc1 29. Rxc1 Qe3+ 30. Kg2 Re8 31. Qxd5+ Kh8 32. Re1 Qd2 33. Kf2
Qe3+ 34. Kg2 Qd2 35. Kf1 Qe3 36. Qb3 Qe4 37. Kf2 Bg7 38. Qc3 b5 39. Qd2 a6 40.
Rd1 Qe6 41. d5 Qxh3 42. Kg1 Qg4 43. Kf2 Qh5 44. Nd4 Qxd5 45. b3 Qc5 46. b4 Qb6
47. Qc3 Rd8 48. Ke3 Re8+ 49. Kf3 Qf6 50. Qc2 Qe7 51. Nc6 Qe3+ 52. Kg2 Rc8 53.
Rd8+ Rxd8 54. Nxd8 Qe7 55. Nc6 Qd6 56. Kh2 h5 57. Ne5 Bxe5 58. fxe5 Qxe5 59.
Qxg6 Qe2+ 60. Kh3 Qxa2 61. Qxh5+ Kg7 62. Qe5+ Kg6 63. Qd6+ Kg5 64. Qe5+ Kg6 65.
Qd6+ Kf7 66. Qd7+ Kf6 67. Qd6+ Kg5 68. Qe5+ Kg6 69. Qd6+ Kg7 70. Qe7+ Kg6 71.
Qd6+ 1/2-1/2

[Event "DVM U16 2014"]
[Site "Magdeburg GER"]
[Date "2014.12.28"]
[Round "3"]
[White "Peczely, Sebastian Zsombor"]
[Black "Greßmann, Moritz"]
[Result "1-0"]
[Termination "normal"]
[Board "4.1"]
[WhiteElo "2197"]
[BlackElo "2019"]
[WhiteTeam "Schachgemeinschaft Leipzig"]
[BlackTeam "BSV 63 Chemie Weißensee"]
[PlyCount "69"]
[WhiteFideId "750964"]
[BlackFideId "24695084"]
[EventCountry "GER"]
[EventRounds "7"]
[EventType "team-swiss"]
[EventDate "2014.12.26"]

1. e4 e5 2. Nf3 Nc6 3. Bb5 a6 4. Ba4 Nf6 5. O-O Be7 6. Re1 b5 7. Bb3 O-O 8. h3
d6 9. c3 Na5 10. Bc2 c5 11. d4 Nd7 12. Nbd2 exd4 13. cxd4 Nc6 14. d5 Nce5 15.
a4 Rb8 16. axb5 axb5 17. Nxe5 Nxe5 18. f4 Ng6 19. Nf3 Bh4 20. Rf1 Bg3 21. f5
Ne5 22. Ng5 Nd7 23. e5 Bxe5 24. Nxh7 Qh4 25. Nxf8 Kxf8 26. Qg4 Qxg4 27. hxg4
Nf6 28. g5 Nxd5 29. Be4 Nb6 30. Bf4 Bxf4 31. Rxf4 d5 32. Bf3 Bb7 33. f6 d4 34.
Rh4 Kg8 35. Kf2 1-0

[Event "DVM U16 2014"]
[Site "Magdeburg GER"]
[Date "2014.12.28"]
[Round "3"]
[White "Donath, Johann"]
[Black "Richter, Leonard"]
[Result "0-1"]
[Termination "normal"]
[Board "4.2"]
[WhiteElo "2065"]
[BlackElo "2113"]
[WhiteTeam "BSV 63 Chemie Weißensee"]
[BlackTeam "Schachgemeinschaft Leipzig"]
[PlyCount "110"]
[WhiteFideId "24685160"]
[BlackFideId "12900290"]
[EventCountry "GER"]
[EventRounds "7"]
[EventType "team-swiss"]
[EventDate "2014.12.26"]

1. e4 c5 2. c3 b6 3. d4 Bb7 4. Bd3 Nf6 5. Nd2 cxd4 6. cxd4 Nc6 7. Ngf3 Nb4 8.
Bb1 Ba6 9. e5 Nfd5 10. Ne4 f5 11. Ng3 e6 12. a3 Nc6 13. Ba2 Nce7 14. Bg5 Qc7
15. Rc1 Qb7 16. h4 Ng6 17. Ne2 Bxe2 18. Bxd5 Qxd5 19. Qxe2 Ne7 20. Bxe7 Bxe7
21. O-O O-O 22. Rc7 Bd8 23. Rc2 Qb7 24. Rd1 Rc8 25. d5 Rxc2 26. Qxc2 Re8 27.
Qd3 Qxd5 28. Qxd5 exd5 29. Rxd5 Bc7 30. Rxd7 Bxe5 31. b4 a5 32. Rb7 axb4 33.
axb4 Re6 34. Nxe5 Rxe5 35. Rxb6 Re1+ 36. Kh2 Kf7 37. Kg3 Rb1 38. b5 Rb4 39. h5
Rg4+ 40. Kf3 Rb4 41. h6 gxh6 42. Rb8 Ke7 43. b6 Kf7 44. b7 Kg7 45. Ke3 Rb2 46.
Kd4 Rb5 47. g3 Rb2 48. Kd5 Rd2+ 49. Ke5 Re2+ 50. Kd4 Rb2 51. Ke3 h5 52. Kf3
Rb3+ 53. Kf4 Rb2 54. Kg5 h6+ 55. Kxh5 Rb1 0-1

[Event "DVM U16 2014"]
[Site "Magdeburg GER"]
[Date "2014.12.28"]
[Round "3"]
[White "Kreyssig, Bruno"]
[Black "Fabiunke, Jakob"]
[Result "1-0"]
[Termination "normal"]
[Board "4.3"]
[WhiteElo "1899"]
[BlackElo "1757"]
[WhiteTeam "Schachgemeinschaft Leipzig"]
[BlackTeam "BSV 63 Chemie Weißensee"]
[PlyCount "43"]
[WhiteFideId "4692489"]
[BlackFideId "24686085"]
[EventCountry "GER"]
[EventRounds "7"]
[EventType "team-swiss"]
[EventDate "2014.12.26"]

1. e4 e5 2. Nf3 Nc6 3. Bc4 Bc5 4. b4 Bxb4 5. c3 Bc5 6. d4 exd4 7. cxd4 Bb4+ 8.
Bd2 Bxd2+ 9. Nbxd2 d6 10. O-O Nge7 11. Ng5 d5 12. exd5 Na5 13. d6 Nxc4 14. dxe7
Qd5 15. Nxc4 Qxg5 16. d5 Kxe7 17. d6+ cxd6 18. Qxd6+ Ke8 19. f4 Qf5 20. Rfe1+
Be6 21. Rad1 Qb5 22. Qxe6+ 1-0

[Event "DVM U16 2014"]
[Site "Magdeburg GER"]
[Date "2014.12.28"]
[Round "3"]
[White "Fege, Julian"]
[Black "Hofmann, Timo"]
[Result "1/2-1/2"]
[Termination "normal"]
[Board "4.4"]
[WhiteElo "1737"]
[BlackElo "1716"]
[WhiteTeam "BSV 63 Chemie Weißensee"]
[BlackTeam "Schachgemeinschaft Leipzig"]
[PlyCount "42"]
[WhiteFideId "24699551"]
[BlackFideId "12946044"]
[EventCountry "GER"]
[EventRounds "7"]
[EventType "team-swiss"]
[EventDate "2014.12.26"]

1. e4 e6 2. d3 d5 3. Nd2 c5 4. Ngf3 Nc6 5. g3 Nf6 6. Bg2 Be7 7. O-O O-O 8. Re1
Qc7 9. Nf1 dxe4 10. dxe4 Rd8 11. Bd2 e5 12. c3 h6 13. Qc2 Be6 14. Ne3 Rd7 15.
b3 Ng4 16. Nf5 c4 17. h3 Nf6 18. Bf1 cxb3 19. axb3 Bc5 20. Be3 Bf8 21. g4 Nb4
1/2-1/2

[Event "DVM U16 2014"]
[Site "Magdeburg GER"]
[Date "2014.12.28"]
[Round "3"]
[White "Beeck, Mats"]
[Black "Hammann, Jonas"]
[Result "1-0"]
[Termination "normal"]
[Board "5.1"]
[WhiteElo "2127"]
[BlackElo "1872"]
[WhiteTeam "SK Doppelbauer Kiel"]
[BlackTeam "Stader SV"]
[PlyCount "59"]
[WhiteFideId "12936944"]
[BlackFideId "12930601"]
[EventCountry "GER"]
[EventRounds "7"]
[EventType "team-swiss"]
[EventDate "2014.12.26"]

1. d4 d5 2. Bg5 c6 3. Nf3 Nd7 4. e3 Ngf6 5. Bd3 e6 6. O-O Bd6 7. c4 O-O 8. Nc3
dxc4 9. Bxc4 e5 10. Qc2 exd4 11. exd4 h6 12. Bh4 Nb6 13. Bd3 Be6 14. Ne4 Be7
15. Nc5 Bxc5 16. dxc5 Nbd5 17. a3 Nf4 18. Rad1 Nxd3 19. Rxd3 Bd5 20. Re1 b6 21.
Ne5 Re8 22. Rg3 bxc5 23. Qf5 Re6 24. h3 Qe7 25. Ree3 Rb8 26. Nd7 Qxd7 27. Bxf6
g6 28. Rxg6+ Kf8 29. Rxh6 Rxf6 30. Qxf6 1-0

[Event "DVM U16 2014"]
[Site "Magdeburg GER"]
[Date "2014.12.28"]
[Round "3"]
[White "Dittmann, Tobias"]
[Black "Pluska, Alexander"]
[Result "0-1"]
[Termination "normal"]
[Board "5.2"]
[WhiteElo "1773"]
[BlackElo "1917"]
[WhiteTeam "Stader SV"]
[BlackTeam "SK Doppelbauer Kiel"]
[PlyCount "88"]
[WhiteFideId "12964360"]
[BlackFideId "12975141"]
[EventCountry "GER"]
[EventRounds "7"]
[EventType "team-swiss"]
[EventDate "2014.12.26"]

1. e4 c5 2. Nf3 d6 3. Bb5+ Nd7 4. c4 a6 5. Bxd7+ Bxd7 6. d4 cxd4 7. Qxd4 e5 8.
Qd1 Rc8 9. b3 Nf6 10. Nfd2 b5 11. Qe2 Qb6 12. Na3 Be7 13. Bb2 O-O 14. O-O Bg4
15. Qd3 Nh5 16. cxb5 Nf4 17. Qe3 Qxe3 18. fxe3 Nd3 19. Ndc4 d5 20. exd5 Nxb2
21. d6 Bf6 22. Nxb2 e4 23. Rab1 axb5 24. Rf4 Be2 25. Rxe4 Ra8 26. Nc2 Rxa2 27.
Nd4 Bh5 28. Nd1 Bg6 29. Nc3 Bxe4 30. Nxe4 Bxd4 31. exd4 Rd8 32. Rc1 f5 33. Ng5
h6 34. Nf3 Rxd6 35. Rc5 b4 36. Rb5 Rc6 37. h3 Rcc2 38. Ne1 Rcb2 39. Rxb4 Rb1
40. Kf1 Raa1 41. Rb8+ Kf7 42. Rb7+ Ke6 43. d5+ Kd6 44. Rb6+ Kxd5 0-1

[Event "DVM U16 2014"]
[Site "Magdeburg GER"]
[Date "2014.12.28"]
[Round "3"]
[White "Wanner, Lukas"]
[Black "Kragge, Jan"]
[Result "1-0"]
[Termination "normal"]
[Board "5.3"]
[WhiteElo "1892"]
[BlackElo "1800"]
[WhiteTeam "SK Doppelbauer Kiel"]
[BlackTeam "Stader SV"]
[PlyCount "91"]
[WhiteFideId "12918148"]
[BlackFideId "12930415"]
[EventCountry "GER"]
[EventRounds "7"]
[EventType "team-swiss"]
[EventDate "2014.12.26"]

1. d4 d5 2. Nf3 Nf6 3. e3 Bf5 4. c4 c6 5. Nc3 e6 6. Qb3 Qb6 7. c5 Qc7 8. Nh4
Bg6 9. Nxg6 hxg6 10. g3 b6 11. cxb6 axb6 12. Bg2 Nbd7 13. O-O Bd6 14. e4 dxe4
15. Nxe4 Nxe4 16. Bxe4 Nf6 17. Re1 Nxe4 18. Rxe4 Ra5 19. Bf4 Bxf4 20. Rxf4 O-O
21. Rc1 Rd8 22. Qc4 Rd6 23. b4 b5 24. Qd3 Ra4 25. Rc5 Qa7 26. Qc3 Qa6 27. d5
exd5 28. Qe5 Rd8 29. Qc7 Rf8 30. Rxc6 Qa8 31. Rd4 Qe8 32. Rc3 Qe1+ 33. Kg2 Rxa2
34. Rf3 Ra1 35. Kh3 Qe6+ 36. Kg2 Qe1 37. Kh3 Qe6+ 38. Kg2 Ra2 39. Qc5 Rb8 40.
Rxd5 Ra6 41. Rf4 Qc6 42. Rfd4 Qe6 43. Qc7 Rc8 44. Rd8+ Rxd8 45. Qxd8+ Kh7 46.
Qh4+ 1-0

[Event "DVM U16 2014"]
[Site "Magdeburg GER"]
[Date "2014.12.28"]
[Round "3"]
[White "Fragel, Max"]
[Black "Rieper, Julian"]
[Result "0-1"]
[Termination "normal"]
[Board "5.4"]
[WhiteElo "1768"]
[BlackElo "1711"]
[WhiteTeam "Stader SV"]
[BlackTeam "SK Doppelbauer Kiel"]
[PlyCount "66"]
[WhiteFideId "12914193"]
[BlackFideId "12936960"]
[EventCountry "GER"]
[EventRounds "7"]
[EventType "team-swiss"]
[EventDate "2014.12.26"]

1. e4 e5 2. Nf3 Nc6 3. Bb5 a6 4. Ba4 Nf6 5. O-O Be7 6. Re1 b5 7. Bb3 O-O 8. d4
Nxd4 9. Nxd4 exd4 10. e5 Ne8 11. Qxd4 Bb7 12. c4 d6 13. Nc3 dxe5 14. Qxe5 Bd6
15. Qe2 Qh4 16. g3 Qh3 17. Qf1 Qf5 18. Qe2 Bf3 19. Qf1 b4 20. Nd1 Nf6 21. Ne3
Qh5 22. Bd1 Rae8 23. Bxf3 Qxf3 24. Qg2 Qh5 25. b3 Be5 26. Rb1 Bc3 27. Rf1 Qe2
28. Nd5 Nxd5 29. Qxd5 Qxa2 30. Be3 Re6 31. Rfd1 Rd6 32. Qh5 Rfd8 33. Rxd6 Qxb1+
0-1

[Event "DVM U16 2014"]
[Site "Magdeburg GER"]
[Date "2014.12.28"]
[Round "3"]
[White "Zouani, Samir"]
[Black "Wagner, Dominik"]
[Result "0-1"]
[Termination "normal"]
[Board "6.3"]
[WhiteElo "1597"]
[BlackElo "1833"]
[WhiteTeam "SV Backnang"]
[BlackTeam "USC Magdeburg"]
[PlyCount "116"]
[WhiteFideId "12946206"]
[BlackFideId "12957380"]
[EventCountry "GER"]
[EventRounds "7"]
[EventType "team-swiss"]
[EventDate "2014.12.26"]

1. e4 e5 2. Nf3 Nc6 3. Bc4 Bc5 4. c3 Nf6 5. d4 exd4 6. e5 d5 7. Bb5 Ne4 8. cxd4
Bb6 9. Bxc6+ bxc6 10. O-O O-O 11. Nc3 Bg4 12. Be3 f6 13. Nxe4 dxe4 14. Qb3+ Kh8
15. Nd2 Bxd4 16. exf6 Qxf6 17. Nxe4 Qe5 18. Bxd4 Qxd4 19. Nc3 Rab8 20. Qc2 Rf6
21. b3 Rg6 22. Ne2 Qf6 23. Ng3 Qg5 24. Qe4 h5 25. f4 Qf6 26. f5 Rh6 27. Kh1 Rf8
28. Rae1 Qg5 29. Qe7 Rhf6 30. Re5 Qh6 31. Qc5 h4 32. Ne2 h3 33. g3 Qd2 34. Qc1
Qd3 35. Nf4 Qd4 36. Ng6+ Kg8 37. Qc4+ Qxc4 38. bxc4 Rb8 39. Rfe1 Kh7 40. Nh4
Rd6 41. R5e4 Rd1 42. Rxd1 Bxd1 43. Re7 Kh6 44. Re6+ Kh7 45. Re7 Kg8 46. Rxc7
Be2 47. Kg1 Bxc4 48. Rxa7 Rb1+ 49. Kf2 Rb2+ 50. Kg1 Bxa2 51. Ra3 Bb3 52. Ra5
Rc2 53. Nf3 Rg2+ 54. Kf1 Kf8 55. Re5 Bd5 56. Ng1 Bc4+ 57. Ne2 Rxh2 58. Re4
Bxe2+ 0-1

[Event "DVM U16 2014"]
[Site "Magdeburg GER"]
[Date "2014.12.28"]
[Round "3"]
[White "Hoang, Viet Long"]
[Black "Maier, Lukas"]
[Result "0-1"]
[Termination "normal"]
[Board "6.4"]
[WhiteElo "1648"]
[BlackElo "1641"]
[WhiteTeam "USC Magdeburg"]
[BlackTeam "SV Backnang"]
[PlyCount "140"]
[WhiteFideId "12964824"]
[BlackFideId "12946184"]
[EventCountry "GER"]
[EventRounds "7"]
[EventType "team-swiss"]
[EventDate "2014.12.26"]

1. e4 e5 2. Nf3 Nc6 3. Bc4 Bc5 4. c3 Nf6 5. d3 h6 6. h3 d6 7. Bb3 O-O 8. Nbd2
a6 9. Nf1 b5 10. Ng3 Bb7 11. O-O Qd7 12. Nh4 Ne7 13. Qf3 Kh7 14. Nhf5 Nxf5 15.
Nxf5 d5 16. Qg3 Rg8 17. Qxe5 Rae8 18. Qg3 dxe4 19. dxe4 Bxe4 20. Nd4 Bd6 21. f4
c5 22. Nf3 c4 23. Bd1 Bd3 24. Re1 Bc5+ 25. Kh2 Ne4 26. Rxe4 Bxe4 27. Qg4 Qxg4
28. hxg4 Rd8 29. Be2 Rge8 30. Ne5 f6 31. Bf3 Bc2 32. Nc6 Rd6 33. f5 Re1 34. Kg3
Be3 35. Nb4 Bd3 36. Bxe3 Rxa1 37. Bc5 Rd8 38. Nxa6 Rxa2 39. Ba3 Ra1 40. Bc6 h5
41. Bxb5 hxg4 42. Nc5 Rd5 43. Bb4 Rxc5 44. Bxc5 Ra5 45. Bxc4 Bxc4 46. b4 Ra2
47. Be3 Rc2 48. Bd4 Kh6 49. Kxg4 Rxg2+ 50. Kf3 Bd5+ 51. Kf4 Kh5 52. b5 Rg4+ 53.
Ke3 Kg5 54. b6 Kxf5 55. c4 Bb7 56. c5 Rg3+ 57. Ke2 Ke4 58. Bf2 Rg2 59. Ke1 g5
60. Kf1 Kf3 61. Bd4 Rd2 62. Bc3 Rd1+ 63. Be1 g4 64. c6 Bxc6 65. b7 Bxb7 66. Kg1
Rxe1+ 67. Kh2 Re2+ 68. Kg1 g3 69. Kf1 f5 70. Kg1 Re1# 0-1

[Event "DVM U16 2014"]
[Site "Magdeburg GER"]
[Date "2014.12.28"]
[Round "3"]
[White "Sabirov, Ramil"]
[Black "Scheinhütte, Jakob"]
[Result "1-0"]
[Termination "normal"]
[Board "7.1"]
[WhiteElo "1922"]
[BlackElo "1768"]
[WhiteTeam "SG Porz"]
[BlackTeam "SV Empor Berlin"]
[PlyCount "37"]
[WhiteFideId "12900303"]
[BlackFideId "24693944"]
[EventCountry "GER"]
[EventRounds "7"]
[EventType "team-swiss"]
[EventDate "2014.12.26"]

1. e4 e6 2. Qe2 Ne7 3. Nf3 d5 4. d3 c5 5. g3 Nbc6 6. Bg2 dxe4 7. dxe4 Nd4 8.
Nxd4 cxd4 9. O-O Nc6 10. Nd2 Bc5 11. e5 Qc7 12. Nc4 O-O 13. a4 Bd7 14. Bf4 Ne7
15. Nd6 Bc6 16. Ne4 Bb6 17. a5 Bxa5 18. Nf6+ gxf6 19. exf6 1-0

[Event "DVM U16 2014"]
[Site "Magdeburg GER"]
[Date "2014.12.28"]
[Round "3"]
[White "Feyer, Leon"]
[Black "Brungs, Sven"]
[Result "1/2-1/2"]
[Termination "normal"]
[Board "7.2"]
[WhiteElo "1824"]
[BlackElo "1891"]
[WhiteTeam "SV Empor Berlin"]
[BlackTeam "SG Porz"]
[PlyCount "67"]
[WhiteFideId "12957240"]
[BlackFideId "12946257"]
[EventCountry "GER"]
[EventRounds "7"]
[EventType "team-swiss"]
[EventDate "2014.12.26"]

1. e4 g6 2. d4 Bg7 3. Nc3 d6 4. f4 c6 5. Nf3 Bg4 6. Be2 Nd7 7. O-O Bxf3 8. Bxf3
Qb6 9. Ne2 O-O-O 10. c3 h5 11. Qb3 Rf8 12. Be3 e6 13. Bf2 Qxb3 14. axb3 a6 15.
c4 Ne7 16. Ra5 c5 17. e5 cxd4 18. Bxd4 Nf5 19. Bc3 dxe5 20. fxe5 Rd8 21. Be4
Bh6 22. Kh1 Bf8 23. Nd4 Bc5 24. Nxf5 gxf5 25. Bf3 Bb6 26. Raa1 Nc5 27. b4 Nd3
28. c5 Ba7 29. Rad1 Bb8 30. Rd2 Nxe5 31. Rxd8+ Rxd8 32. Bxh5 Ng6 33. Rd1 Rxd1+
34. Bxd1 1/2-1/2

[Event "DVM U16 2014"]
[Site "Magdeburg GER"]
[Date "2014.12.28"]
[Round "3"]
[White "Niesel, Tobias"]
[Black "Denkert, Anna"]
[Result "1/2-1/2"]
[Termination "normal"]
[Board "7.3"]
[WhiteElo "1806"]
[BlackElo "1716"]
[WhiteTeam "SG Porz"]
[BlackTeam "SV Empor Berlin"]
[PlyCount "64"]
[WhiteFideId "12962155"]
[BlackFideId "12938122"]
[EventCountry "GER"]
[EventRounds "7"]
[EventType "team-swiss"]
[EventDate "2014.12.26"]

1. c4 e5 2. g3 Nc6 3. Bg2 g6 4. Nc3 Bg7 5. e4 d6 6. Nge2 Be6 7. d3 Qd7 8. Nd5
Nce7 9. h3 f5 10. Nxe7 Nxe7 11. exf5 Bxf5 12. g4 Be6 13. Bxb7 Rb8 14. Bg2 O-O
15. O-O h5 16. gxh5 Bxh3 17. h6 Bh8 18. Ng3 Bxg2 19. Kxg2 Nf5 20. Rh1 Kh7 21.
Ne4 Bf6 22. Bg5 Be7 23. Qd2 Kh8 24. b3 Nd4 25. Bxe7 Qxe7 26. Rh3 Rf4 27. Rah1
Rbf8 28. Qe3 Qf7 29. Rf1 Qf5 30. Rg3 Qf7 31. Rh3 Qf5 32. Rg3 Qf7 1/2-1/2

[Event "DVM U16 2014"]
[Site "Magdeburg GER"]
[Date "2014.12.28"]
[Round "3"]
[White "Denkert, Robert"]
[Black "Yang, Daniel"]
[Result "1/2-1/2"]
[Termination "normal"]
[Board "7.4"]
[WhiteElo "1711"]
[BlackElo "1587"]
[WhiteTeam "SV Empor Berlin"]
[BlackTeam "SG Porz"]
[PlyCount "103"]
[WhiteFideId "12957216"]
[BlackFideId "12946273"]
[EventCountry "GER"]
[EventRounds "7"]
[EventType "team-swiss"]
[EventDate "2014.12.26"]

1. e4 c6 2. d4 d5 3. e5 Bf5 4. Nc3 e6 5. g4 Bg6 6. Nge2 Bb4 7. Bd2 Nd7 8. h4 h6
9. Nf4 Ne7 10. Nxg6 Nxg6 11. h5 Ne7 12. f4 Qc7 13. Bd3 c5 14. Nb5 Bxd2+ 15.
Qxd2 Qb6 16. Nd6+ Kf8 17. Bb5 Rd8 18. c3 a6 19. Bxd7 Rxd7 20. dxc5 Qxc5 21. Qd4
Qc7 22. Qb4 Kg8 23. O-O-O Nc8 24. Nxc8 Qxc8 25. Rd4 Kh7 26. Kb1 Rhd8 27. Rhd1
b5 28. Qb3 Rf8 29. Qc2+ Kh8 30. f5 Qd8 31. fxe6 fxe6 32. Qg6 Qe7 33. Rg1 Qf7
34. Qxf7 Rdxf7 35. a4 Rb7 36. Rb4 Rf2 37. g5 hxg5 38. Rxg5 Re2 39. Kc1 Rb6 40.
b3 Kh7 41. Kd1 Rf2 42. c4 Rf4 43. axb5 dxc4 44. bxc4 axb5 45. Rxb5 Rxb5 46.
cxb5 Rb4 47. Rg6 Rxb5 48. Rxe6 Kg8 49. Rg6 Rxe5 50. h6 Kh7 51. hxg7 Re8 52.
g8=Q+ 1/2-1/2

[Event "DVM U16 2014"]
[Site "Magdeburg GER"]
[Date "2014.12.28"]
[Round "3"]
[White "Engert, Marvin"]
[Black "Berezhnoy, Alex"]
[Result "1-0"]
[Termination "normal"]
[Board "8.1"]
[WhiteElo "1689"]
[BlackElo "1723"]
[WhiteTeam "SG Turm Leipzig"]
[BlackTeam "VfSuF Düsseldorf-Süd"]
[PlyCount "37"]
[WhiteFideId "12901164"]
[BlackFideId "12918997"]
[EventCountry "GER"]
[EventRounds "7"]
[EventType "team-swiss"]
[EventDate "2014.12.26"]

1. e4 e5 2. f4 d5 3. exd5 exf4 4. Nf3 Qxd5 5. Nc3 Qa5 6. Bc4 c6 7. d3 Bb4 8.
O-O Ne7 9. Bxf4 O-O 10. Qe2 Ng6 11. Bg3 Bxc3 12. bxc3 Bg4 13. h3 Bxf3 14. Rxf3
b5 15. Bxf7+ Kh8 16. Bxg6 hxg6 17. Rxf8+ Kh7 18. Qe4 b4 19. Qh4+ 1-0

[Event "DVM U16 2014"]
[Site "Magdeburg GER"]
[Date "2014.12.28"]
[Round "3"]
[White "Chittka, Julius"]
[Black "Storch, Domenic"]
[Result "1-0"]
[Termination "normal"]
[Board "8.2"]
[WhiteElo "1962"]
[BlackElo "1596"]
[WhiteTeam "VfSuF Düsseldorf-Süd"]
[BlackTeam "SG Turm Leipzig"]
[PlyCount "81"]
[WhiteFideId "12954772"]
[BlackFideId "16200470"]
[EventCountry "GER"]
[EventRounds "7"]
[EventType "team-swiss"]
[EventDate "2014.12.26"]

1. d4 Nf6 2. c4 g6 3. Nc3 Bg7 4. e4 d6 5. h3 O-O 6. Bg5 Nbd7 7. Nf3 c5 8. d5
Qb6 9. Qd2 a6 10. Be2 Qa7 11. O-O Rb8 12. Qe3 Kh8 13. Nd2 Ng8 14. Kh1 h6 15.
Bh4 g5 16. Bg3 Bd4 17. Qd3 Ne5 18. Qc2 Bd7 19. f4 gxf4 20. Bxf4 b5 21. Nf3 Nxf3
22. Rxf3 bxc4 23. Bxc4 Bb5 24. Bxb5 axb5 25. Raf1 Bf6 26. Qd2 b4 27. Ne2 Qxa2
28. Bxd6 exd6 29. Rxf6 Nxf6 30. Rxf6 Qb1+ 31. Kh2 Qxe4 32. Rxh6+ Kg7 33. Qg5+
Qg6 34. Rxg6+ fxg6 35. Nf4 Rxf4 36. Qxf4 Rd8 37. Kg3 b3 38. Kg4 Rd7 39. Kg5 Rf7
40. Qxd6 Rf5+ 41. Kg4 1-0

[Event "DVM U16 2014"]
[Site "Magdeburg GER"]
[Date "2014.12.28"]
[Round "3"]
[White "Hummel, Felician"]
[Black "Surguchov, Alexander"]
[Result "1/2-1/2"]
[Termination "normal"]
[Board "8.3"]
[WhiteElo "1627"]
[BlackElo "1748"]
[WhiteTeam "SG Turm Leipzig"]
[BlackTeam "VfSuF Düsseldorf-Süd"]
[PlyCount "56"]
[WhiteFideId "16200489"]
[BlackFideId "1272035"]
[EventCountry "GER"]
[EventRounds "7"]
[EventType "team-swiss"]
[EventDate "2014.12.26"]

1. d4 e6 2. e4 d5 3. exd5 exd5 4. Bd3 Bd6 5. Nf3 Nf6 6. O-O O-O 7. Re1 Bg4 8.
Bg5 Nc6 9. c3 h6 10. Bh4 g5 11. Bg3 Bxg3 12. hxg3 Qd7 13. Nbd2 Bf5 14. Ne5 Nxe5
15. Bxf5 Qxf5 16. Rxe5 Qd3 17. Qf3 Qxf3 18. Nxf3 Rfe8 19. Rae1 Kf8 20. Rf5
Rxe1+ 21. Nxe1 Re8 22. Nd3 Kg7 23. Kf1 c6 24. Ne5 Re7 25. Rf3 Ne4 26. Rd3 Nc5
27. Rd2 Ne4 28. Rd3 Nc5 1/2-1/2

[Event "DVM U16 2014"]
[Site "Magdeburg GER"]
[Date "2014.12.28"]
[Round "3"]
[White "Schmitz, Fabian"]
[Black "Buschmann, Johannes"]
[Result "1-0"]
[Termination "normal"]
[Board "8.4"]
[WhiteElo "1558"]
[BlackElo "1383"]
[WhiteTeam "VfSuF Düsseldorf-Süd"]
[BlackTeam "SG Turm Leipzig"]
[PlyCount "55"]
[WhiteFideId "12965006"]
[BlackFideId "16200497"]
[EventCountry "GER"]
[EventRounds "7"]
[EventType "team-swiss"]
[EventDate "2014.12.26"]

1. e4 c6 2. Ne2 d5 3. e5 Bf5 4. Ng3 Bg6 5. h4 h6 6. h5 Bh7 7. e6 fxe6 8. d4 Qc7
9. f4 e5 10. fxe5 e6 11. Bd3 Bxd3 12. Qxd3 Ne7 13. Nd2 Na6 14. c3 O-O-O 15. O-O
c5 16. a3 Nc6 17. b4 c4 18. Qg6 Qd7 19. b5 Ne7 20. Qb1 Nb8 21. a4 Ng8 22. Nf3
Be7 23. Qg6 Bf8 24. Nh4 Ne7 25. Qg4 Re8 26. Rf7 Kd8 27. Ng6 Qc8 28. Nxh8 1-0

[Event "DVM U16 2014"]
[Site "Magdeburg GER"]
[Date "2014.12.28"]
[Round "3"]
[White "Thieu, Nguyen Gia Luat"]
[Black "Bykov, Ilya"]
[Result "1-0"]
[Termination "normal"]
[Board "9.1"]
[WhiteElo "1677"]
[BlackElo "1732"]
[WhiteTeam "SK Lehrte"]
[BlackTeam "Karlsruher SF 1853"]
[PlyCount "115"]
[WhiteFideId "12934321"]
[BlackFideId "12918059"]
[EventCountry "GER"]
[EventRounds "7"]
[EventType "team-swiss"]
[EventDate "2014.12.26"]

1. e4 Nf6 2. Nc3 d5 3. exd5 Nxd5 4. Bc4 c6 5. Qf3 e6 6. Nge2 Nd7 7. d4 N7f6 8.
O-O Bd6 9. h3 Qc7 10. Bg5 h6 11. Bh4 Bd7 12. Rfe1 g5 13. Bxd5 Nxd5 14. Bg3 f5
15. Bxd6 Qxd6 16. Qh5+ Kd8 17. Nxd5 exd5 18. Nc1 Kc7 19. Nd3 Be8 20. Qe2 Rh7
21. Qe5 Bd7 22. Nc5 Qxe5 23. Rxe5 b6 24. Nxd7 Kxd7 25. Rxf5 Re8 26. Kf1 Re4 27.
c3 Ke6 28. Rf8 c5 29. Re1 Ke7 30. Ra8 Kd6 31. Rxe4 dxe4 32. dxc5+ Kxc5 33. Re8
Kd5 34. Ke2 h5 35. Ke3 g4 36. hxg4 hxg4 37. Rxe4 Rg7 38. c4+ Kc5 39. b3 Kb4 40.
Kf4 Ka3 41. Re2 Rg6 42. Rd2 a6 43. f3 gxf3 44. gxf3 Rc6 45. Ke4 b5 46. Rc2 a5
47. f4 a4 48. bxa4 b4 49. c5 Re6+ 50. Kd5 Re1 51. c6 Rd1+ 52. Ke5 Re1+ 53. Kf6
Ra1 54. c7 Rxa2 55. Rxa2+ Kxa2 56. c8=Q b3 57. Qb7 b2 58. Qxb2+ 1-0